[Event "España ch sub-14 2009"]
[Site "Granada ESP"]
[Date "2009.07.12"]
[Round "9.11"]
[White "Villasenor Rubio, Emilio Jose"]
[Black "Ordonez Torres, Maria del Carmen"]
[Result "1-0"]
[WhiteElo "1937"]
[BlackElo "1780"]
[PlyCount "97"]
[EventDate "2009.07.07"]
[EventType "swiss"]
[EventRounds "9"]
[EventCountry "ESP"]
[Source "lmi"]
[SourceDate "2009.07.07"]
[WhiteTeam "Castilla La Mancha"]
[BlackTeam "Andalucia"]
[WhiteTeamCountry "ESP"]
[BlackTeamCountry "ESP"]

1. e4 e5 2. Nf3 Nc6 3. Bb5 a6 4. Ba4 Nf6 5. d3 b5 6. Bb3 Be7 7. c3 d6 8. O-O
O-O 9. Re1 Bg4 10. h3 Bh5 11. Nbd2 Na5 12. Bc2 c5 13. Nf1 Qc7 14. Ng3 Bg6 15.
Nh4 Rfe8 16. Nhf5 Bf8 17. Qf3 Nc6 18. Bb3 Na5 19. Bc2 Nc6 20. h4 Bxf5 21. Nxf5
Nd8 22. Bg5 Nd7 23. Bb3 c4 24. dxc4 bxc4 25. Ba4 Ne6 26. Qg3 Nxg5 27. Qxg5 Re6
28. Bxd7 Qxd7 29. Qg4 Qb7 30. Rab1 Rd8 31. Ne3 Rg6 32. Qf3 Rf6 33. Qe2 Rf4 34.
Nd5 Rxh4 35. Qxc4 Rc8 36. Qd3 a5 37. b4 axb4 38. cxb4 Ra8 39. a3 Rh6 40. b5 Be7
41. b6 Bd8 42. Qb5 Re6 43. a4 Kf8 44. a5 Re8 45. Rec1 h6 46. Ra1 Ra6 47. Nc7
Bxc7 48. Rxc7 Qa8 49. Qd7 1-0

[Event "España ch sub-14 2009"]
[Site "Granada ESP"]
[Date "2009.07.12"]
[Round "9.12"]
[White "Alcaraz Ortega, Javier"]
[Black "Navarrete Espi, Samuel"]
[Result "1-0"]
[WhiteElo "2241"]
[BlackElo "1804"]
[PlyCount "81"]
[EventDate "2009.07.07"]
[EventType "swiss"]
[EventRounds "9"]
[EventCountry "ESP"]
[Source "lmi"]
[SourceDate "2009.07.07"]
[WhiteTeam "Valencia"]
[BlackTeam "Valencia"]
[WhiteTeamCountry "ESP"]
[BlackTeamCountry "ESP"]

1. d4 Nf6 2. c4 g6 3. Nc3 Bg7 4. e4 d6 5. h3 O-O 6. Bg5 h6 7. Be3 a5 8. Bd3 e5
9. d5 Na6 10. Nge2 Nd7 11. Qd2 Ndc5 12. Bb1 Kh7 13. g4 c6 14. Ng3 Rb8 15. f3 b5
16. cxb5 cxb5 17. h4 b4 18. Nd1 Nc7 19. h5 g5 20. O-O Nb5 21. Nf2 Ba6 22. Kg2
Nd4 23. Bd3 Nxd3 24. Nxd3 b3 25. a3 Nc2 26. Rac1 Qd7 27. Rfd1 Bxd3 28. Qxd3
Rfc8 29. Nf5 Bf6 30. Bd2 Bd8 31. Qa6 Bc7 32. Ne3 Bb6 33. Nc4 Bd4 34. Nxa5 Rb6
35. Qd3 Bxb2 36. Rb1 Bxa3 37. Nc4 Ra6 38. Rxb3 Qa4 39. Nxa3 Nxa3 40. Ra1 Qc4
41. Raxa3 1-0

[Event "España ch sub-14 2009"]
[Site "Granada ESP"]
[Date "2009.07.12"]
[Round "9.13"]
[White "Escudero Manzano, Alejandro"]
[Black "Suarez Garcia, Carlos"]
[Result "1/2-1/2"]
[WhiteElo "1870"]
[BlackElo "2122"]
[PlyCount "78"]
[EventDate "2009.07.07"]
[EventType "swiss"]
[EventRounds "9"]
[EventCountry "ESP"]
[Source "lmi"]
[SourceDate "2009.07.07"]
[WhiteTeam "Murcia"]
[BlackTeam "Asturias"]
[WhiteTeamCountry "ESP"]
[BlackTeamCountry "ESP"]

1. e4 d5 2. exd5 Qxd5 3. Nc3 Qd6 4. d4 Nf6 5. Nf3 a6 6. h3 Bf5 7. Be3 Nc6 8.
Bc4 e6 9. O-O Be7 10. Qe2 O-O 11. Rad1 Nd5 12. Bb3 Bf6 13. Rfe1 Na5 14. Nxd5
exd5 15. Qd2 Nxb3 16. axb3 Be4 17. Nh2 Bf5 18. Re2 Rae8 19. Rde1 Re4 20. Nf1
Bg6 21. Ng3 Re7 22. Bg5 Rfe8 23. Bxf6 Qxf6 24. Rxe7 Rxe7 25. c3 h5 26. Rxe7
Qxe7 27. Ne2 c6 28. b4 Qe4 29. Kh2 f6 30. Ng3 Qe6 31. Ne2 Bf7 32. Qe3 Qxe3 33.
fxe3 g5 34. h4 Bg6 35. Nc1 Bc2 36. Kh3 Bf5+ 37. Kg3 Kf7 38. Nb3 b6 39. Nd2 Be4
1/2-1/2

[Event "España ch sub-14 2009"]
[Site "Granada ESP"]
[Date "2009.07.12"]
[Round "9.14"]
[White "Balague Camps, Marc"]
[Black "Meneses Gonzalez, Kevin Moises"]
[Result "0-1"]
[WhiteElo "1844"]
[BlackElo "2074"]
[PlyCount "90"]
[EventDate "2009.07.07"]
[EventType "swiss"]
[EventRounds "9"]
[EventCountry "ESP"]
[Source "lmi"]
[SourceDate "2009.07.07"]
[WhiteTeam "Cataluña"]
[BlackTeam "Canarias"]
[WhiteTeamCountry "ESP"]
[BlackTeamCountry "ESP"]

1. c4 Nf6 2. Nf3 g6 3. b4 Bg7 4. Bb2 O-O 5. g3 c6 6. Bg2 a5 7. a3 axb4 8. axb4
Rxa1 9. Bxa1 Qb6 10. Bc3 Ne4 11. O-O Nxc3 12. dxc3 d6 13. Qd3 Be6 14. Ng5 Bf5
15. e4 Bd7 16. Kh1 h6 17. Nh3 Be6 18. Nf4 Bg4 19. h3 Bc8 20. Ne2 Be6 21. Nf4
Bc8 22. Ne2 e5 23. Qxd6 Be6 24. c5 Qa6 25. Qd2 Bf6 26. Ng1 Kg7 27. f4 Bc4 28.
Rc1 Rd8 29. Qe1 Nd7 30. Nd2 Be6 31. Ndf3 Ra8 32. Rc2 Qa4 33. Qd2 Qb3 34. Rb2
Qc4 35. fxe5 Nxe5 36. Nd4 Ra1 37. Nxe6+ Qxe6 38. Kh2 Nc4 39. Qe2 Nxb2 40. Qxb2
Ra2 41. Qb1 Bxc3 42. Nf3 Qc4 43. Qc1 Rxg2+ 44. Kxg2 Qe2+ 45. Kg1 Qxf3 0-1

[Event "España ch sub-14 2009"]
[Site "Granada ESP"]
[Date "2009.07.12"]
[Round "9.15"]
[White "Ballester Llagaria, Luis Eduard"]
[Black "Gomez Dieguez, David"]
[Result "1/2-1/2"]
[WhiteElo "2067"]
[BlackElo "1795"]
[PlyCount "90"]
[EventDate "2009.07.07"]
[EventType "swiss"]
[EventRounds "9"]
[EventCountry "ESP"]
[Source "lmi"]
[SourceDate "2009.07.07"]
[WhiteTeam "Valencia"]
[BlackTeam "Galicia"]
[WhiteTeamCountry "ESP"]
[BlackTeamCountry "ESP"]

1. c4 e5 2. Nc3 Bb4 3. g3 Nf6 4. Bg2 O-O 5. e4 Nc6 6. Nge2 Re8 7. O-O d6 8. d3
h6 9. Kh1 Bc5 10. h3 Nh7 11. f4 g5 12. f5 Nf6 13. Nd5 Nd4 14. Nxd4 Bxd4 15. h4
Nxd5 16. cxd5 Qf6 17. Qh5 Qg7 18. hxg5 hxg5 19. Bxg5 Bd7 20. g4 f6 21. Bh6 Qf7
22. Qh2 Qh7 23. Rf3 Kf7 24. Rh3 Rh8 25. g5 fxg5 26. Bf3 Kf6 27. Bxg5+ Kg7 28.
Rxh7+ Rxh7 29. Bf6+ Kg8 30. Bh4 Kf7 31. Bg4 Rah8 32. Kg2 Rxh4 33. Qg3 Rxg4 34.
Qxg4 Rg8 35. Kf3 Rxg4 36. Kxg4 Bb5 37. Rd1 a5 38. b3 c6 39. a4 Ba6 40. Kg5 cxd5
41. exd5 b6 42. f6 Bb7 43. Rh1 Be3+ 44. Kf5 Bc8+ 45. Ke4 Bc5 1/2-1/2

[Event "España ch sub-14 2009"]
[Site "Granada ESP"]
[Date "2009.07.12"]
[Round "9.16"]
[White "Segura Santos, Luis"]
[Black "Aranaz Murillo, Amalia"]
[Result "1/2-1/2"]
[WhiteElo "1738"]
[BlackElo "2061"]
[PlyCount "86"]
[EventDate "2009.07.07"]
[EventType "swiss"]
[EventRounds "9"]
[EventCountry "ESP"]
[Source "lmi"]
[SourceDate "2009.07.07"]
[WhiteTeam "Galicia"]
[BlackTeam "Andalucia"]
[WhiteTeamCountry "ESP"]
[BlackTeamCountry "ESP"]

1. e4 c6 2. d4 d5 3. exd5 cxd5 4. c4 Nf6 5. Nc3 e6 6. Nf3 Bb4 7. cxd5 Nxd5 8.
Qc2 Nc6 9. Bd3 Ba5 10. a3 Nxc3 11. bxc3 Nxd4 12. Nxd4 Qxd4 13. Bb5+ Bd7 14. O-O
Qe5 15. Bxd7+ Kxd7 16. Qa4+ Ke7 17. Bf4 b5 18. Qxa5 Qxf4 19. Qxb5 Rhc8 20. Rfc1
Rab8 21. Qa6 Qc7 22. Rc2 Rb6 23. Qa4 h6 24. Qd4 Kf8 25. Rac1 Qc5 26. Qa4 Rc7
27. c4 Ke7 28. Rc3 Rb2 29. R1c2 Rcb7 30. g3 g5 31. Rd3 Qf5 32. Rxb2 Rxb2 33.
Qxa7+ Kf6 34. Qd4+ Kg6 35. Qxb2 Qxd3 36. Qb4 g4 37. a4 h5 38. c5 Qd1+ 39. Kg2
Qf3+ 40. Kg1 h4 41. gxh4 Qd1+ 42. Kg2 Qf3+ 43. Kg1 Qd1+ 1/2-1/2